Statistics for All Lasst Starr songs

Click here to take the quiz!

General Stats

  • This quiz has been taken 8 times
    (3 since last reset)
  • The average score is 13 of 26

Answer Stats

Songs% Correct
01 SANRIO AESTHETIC
100%
02 UNDERWATER LEVEL
100%
Death
100%
Life
100%
Purgatory
100%
Starr // Starr
100%
Starr // Starr (Remix)
100%
Track #7
100%
03 MAXED OUT STARR DRIVE
50%
04 DETOUR
50%
At once
50%
BetterOFF
50%
Happo
50%
Rain (interlude)
50%
Regrets (Zero)
50%
Saturday Freestyle
50%
the razor (that cut my heartstrings)
50%
try [prod. antisxcial]
50%
Another day (intro)
0%
DONT WORRY
0%
I can't cry anymore
0%
ID (outro)
0%
Its not fair (interlude)
0%
Live Slow Die Young
0%
Not one time
0%
Perseestä (Skit)
0%

Score Distribution

Percentile by Number Answered

Percent of People with Each Score

Your Score History

You have not taken this quiz since the last reset